01111nam a2200169Ia 4500008004100000020001500041050002100056100003500077240002400112245006800136260004000204300002500244500007400269505054700343650001400890700003700904120720s1994 mx 000 0 spa d a970625028X aQA303 bS74 19941 aStewart, James d, 1941eautor aCalculuslespañol aCálculoc / James Stewart ; traducción Eduardo Ojeda Peña aMéxicob : Iberoamericanac, 1994 axxii, 1117 páginas aIncluye: apéndices (pp. 997-1108) Incluye: índice (pp. 1109-1117) aRepaso e introducción Límites y razones de cambio Derivadas Teorema del valor medio y trazo de curvas Integrales Aplicaciones de la integración Funciones inversas: función exponencial, función logarítmica y funciones trigonométricas inversas Técnicas de integración Otras aplicaciones de la integración Ecuaciones paramétricas y coordenadas polares Sucesiones y series infinitas Geometría analítica tridimensional y vectores Derivadas parciales Integrales múltiples Calculo vectorial Ecuaciones diferenciales  0aCÁLCULO aOjeda Peña, Eduardoetraductor